| 000 | 02089nam a2200361 a 4500 | ||
|---|---|---|---|
| 001 | 991052901159706706 | ||
| 003 | ES-BaIT | ||
| 005 | 20260401115013.0 | ||
| 008 | 000419s1802 spc|||||| 000 ||spa|c | ||
| 035 | _a(ES-BaCBU).b38642931 | ||
| 035 | _a(OCoLC)1044350578 | ||
| 040 |
_aES-BaCBU _bcat _cES-BaCBU |
||
| 080 | _a860-2"18" | ||
| 245 | 0 | 3 |
_aLa Rifa de la olla de la ciudad de Barcelona : _bque para sustento de un gran número de pobres ha dispuesto la Junta destinada á este fin : Saynete nuevo para representarse en el Teatro de la Ciudad de Barcelona |
| 260 |
_aCon Licencia Barcelona : _bEn la Oficina de Juan Francisco Piferrer, Impresor de S. M. véndese en su librería administrada por Juan Sellent _cAño1802 |
||
| 300 |
_a39, [1] p.; _c12º (16 cm) |
||
| 500 | _a28 línies. Reclams | ||
| 500 | _aP10: D3, H7 | ||
| 530 | _aReproducció digital disponible a Biblioescènic | ||
| 593 |
_bVIT-059/05 _cEnquadernació holandesa amb puntes, en color blau, guardes marbrejades. Etiqueta d'antic topogràfic Vitrina A Estante 2 en full de guarda volant anterior. Relligat en volum factici, títol al llom: Entremeses raros VI _fEx-libris de la Colección teatral Arturo Sedó a la contracoberta anterior. Segell de la Colección teatral Arturo Sedó a portada. Llistat manuscrit al full de guarda anterior de les obres que conté el volum _gExemplar digitalitzat per Crossland, 2022 _hArtur Sedó |
||
| 650 | 0 |
_aSainets castellans _yS. XIX _vTextos dramàtics _9169202 |
|
| 700 | 1 |
_aPiferrer, Joan Francesc, _d1771- _eimpressor _9152051 |
|
| 700 | 1 |
_aSellent, Joan _965695 |
|
| 730 | 0 |
_aCol·lecció digital Biblioescènic del MAE _969172 |
|
| 752 |
_aCatalunya _dBarcelona |
||
| 856 | 4 | 1 |
_zAccés lliure (Biblioescènic) _uhttps://books.cdmae.cat/visorpdf/?recurs=SV0059-05 |
| 856 | 4 | 2 |
_zFitxa del catàleg manual _uhttps://www.cdmae.cat/sedo/imgtitulos/061/P0000152.gif |
| 902 | _aPatrimoni | ||
| 902 | _aFons antic | ||
| 907 |
_a.b38642931 _b28-05-21 _c13-05-08 _d19-04-00 _em _fa _gp _hspa _ispc _j3 _k2 |
||
| 908 |
_aBPEB _aANC _aAHCB _aCDMAE |
||
| 942 |
_2udc _cDIGITAL |
||
| 999 |
_c137343 _d137343 |
||